Pope Rape of the Lock (Record no. 1816)

MARC details
000 -LEADER
fixed length control field 00292nam a22001097a 4500
008 - FIXED-LENGTH DATA ELEMENTS--GENERAL INFORMATION
fixed length control field 160705b xxu||||| |||| 00| 0 eng d
100 ## - MAIN ENTRY--PERSONAL NAME
9 (RLIN) 2123
Personal name Tilak
245 ## - TITLE STATEMENT
Title Pope Rape of the Lock
260 ## - PUBLICATION, DISTRIBUTION, ETC. (IMPRINT)
Place of publication, distribution, etc. Meerut (U.P)
Name of publisher, distributor, etc. Rajhans Prakashan
Date of publication, distribution, etc. 1984
300 ## - PHYSICAL DESCRIPTION
Extent Pope Rape of the Lock
942 ## - ADDED ENTRY ELEMENTS (KOHA)
Source of classification or shelving scheme Dewey Decimal Classification
Koha item type BOOK
Holdings
Withdrawn status Lost status Source of classification or shelving scheme Damaged status Not for loan Home library Current library Shelving location Date acquired Total Checkouts Full call number Barcode Date last seen Price effective from Koha item type
    Dewey Decimal Classification     Good Samaritan School Library Good Samaritan School Library FICTION 07/05/2016   823 TIL1381 07/05/2016 07/05/2016 BOOK

Powered by Koha